Giáo trình hóa dược - Dược lý : (Dùng trong các trường THCN)

Nội dung giáo trình tập trung những thông tin kiến thức mới nhất về sử dụng thuốc trên lâm sàng, trên cá thể người bệnh.

Spremljeno u:
Bibliografski detalji
Glavni autor: Nguyễn, Thúy Dần
Format: Knjiga
Jezik:Undetermined
Izdano: Hà Nội Nhà xuất bản Hà Nội 2007
Teme:
Oznake: Dodaj oznaku
Bez oznaka, Budi prvi tko označuje ovaj zapis!
Thư viện lưu trữ: Trung tâm Học liệu Trường Đại học Cần Thơ
LEADER 00917nam a2200217Ia 4500
001 CTU_150217
008 210402s9999 xx 000 0 und d
020 |c 25500 
082 |a 615.19 
082 |b D121/P.1 
100 |a Nguyễn, Thúy Dần 
245 0 |a Giáo trình hóa dược - Dược lý : 
245 0 |b (Dùng trong các trường THCN) 
245 0 |c Nguyễn Thúy Dần chủ biên, Lê Thị Hải Yến 
260 |a Hà Nội 
260 |b Nhà xuất bản Hà Nội 
260 |c 2007 
520 |a Nội dung giáo trình tập trung những thông tin kiến thức mới nhất về sử dụng thuốc trên lâm sàng, trên cá thể người bệnh. 
650 |a Chemistry, medical and pharmaceutical,Hóa học, y dược 
904 |i Tuyến 
980 |a Trung tâm Học liệu Trường Đại học Cần Thơ